| 000 | 00681nam a2200205Ii 4500 | ||
|---|---|---|---|
| 003 | JO-AjNU | ||
| 008 | 230605s9999||||xx |||||||||||||| ||und|| | ||
| 040 |
_aJO-AjNU _bara _erda _cJO-AjNU |
||
| 041 | _aara | ||
| 050 | 1 | 4 | _aHF5549 1991 |
| 100 | 3 |
_aالفارس، سليمان خليل, _eauthor _945728 |
|
| 245 | 0 | 0 | _aادارة الافراد |
| 250 | _aط4 | ||
| 264 | 3 | 1 | _aدمشق:جامعة دمشق؛1991 |
| 300 |
_a333ص _bيحتوي على ببلوغرافية من ص 324-333ص |
||
| 336 |
_atext _btxt _2rdacontent |
||
| 337 |
_aunmediated _bn _2rdamedia |
||
| 338 |
_avolume _bnc _2rdacarrier |
||
| 650 | 4 |
_aادارة الاعمال-ادارة الافراد _945729 |
|
| 999 |
_aA19843 _c23411 _d23411 |
||